| 000 | 00616pam a2200229 a 4500 | ||
|---|---|---|---|
| 020 | _c9263=84 | ||
| 040 | _aMedical College Lib. | ||
| 041 |
_aENG _hENG |
||
| 082 |
_a616.07543 _bBUR |
||
| 100 | _aTaylor, Kenneth J. . | ||
| 245 |
_aClinical Applications of Doppler Ultrasound / _c _hTextual Documents |
||
| 250 |
_a2nd / _b. |
||
| 260 |
_a : _bLippincott-Raven , _c1995. |
||
| 300 |
_a253 ; _c |
||
| 365 | _a9263=84 | ||
| 653 |
_aRadiology _aMedical Science |
||
| 700 | _aBurns, Peter N. . | ||
| 907 | _a7879 | ||
| 930 | _a4879 | ||
| 999 |
_c4878 _d4878 |
||